000 00673nam a2200241Ia 4500
003 OSt
005 20230622152600.0
008 210423s2015 xx 000 0 und d
020 _a978-93-392-0538-6
040 _cAL
041 _aeng
082 _a658.421
_223
_bHISE
100 _aHISRICH (Robert D);MANIMALA (Mathew J);PETERS (Michael P);SHEPHERD (Dean A)
_9112071
245 _aEntrepreneurship Ed 9
250 _a9
260 _aNew Delhi
_bMcGrawhill Education
_c2015
300 _axxvi,696
_bPB
365 _b675
_cINR
650 _aExecutive Management
_9112072
650 _aManagement
_9112073
906 _a9 ; Ed ; Entrepreneurship
942 _2ddc
_cBK
999 _c167174
_d167174